000 00388nam a22001577a 4500
005 20200601094440.0
008 200601b xxu||||| |||| 00| 0 eng d
041 _aeng
082 _a340
100 _aBARE ACT
_95744
245 _aTHE NATIONAL SECURITY GUARD ACT, 1986 (47-1986)
260 _aDELHI
_bPROFESSIONAL BOOK PUBLISHERS
300 _a38;p
650 _aLAW
_95701
942 _cBK
999 _c6737
_d6735